000 00444nam a22001697a 4500
003 OSt
005 20260206054757.0
008 260206b |||||||| |||| 00| 0 eng d
020 _a978-0-446-57096
040 _aDWCL-Main Lib
_cOC
082 _aFic. Sp736 2009
100 _aSparks, Nicholas
245 _aThe last song
260 _aNew York :
_bGrand Central Pub.,
_cc2009
300 _aviii, 390 p. ;
_c22 cm.
942 _2ddc
_cFIC.
_mFic.
_n0
999 _c8312
_d8312